|
|
|
|
| LEADER |
00000nam a2200000 i 4500 |
| 001 |
1/37776 |
| 008 |
960409s1966 gre d |
| 035 |
|
|
|l 10024740
|
| 040 |
|
|
|a GR-MY-UA
|b gre
|e aacr
|
| 041 |
0 |
|
|a gre
|
| 082 |
0 |
|
|a 324.2495
|
| 100 |
1 |
|
|a Meynaud, Jean.
|
| 245 |
1 |
0 |
|a Πολιτικές δυνάμεις στην Ελλάδα
|
| 260 |
|
|
|a Αθήνα :
|b Μπάυρον,
|c 1966
|
| 300 |
|
|
|a 2Τ
|
| 650 |
0 |
0 |
|a Political parties
|z Greece.
|
| 651 |
|
0 |
|a Greece
|x Politics and government
|y 20th century.
|
| 651 |
|
0 |
|a Greece
|x History
|y 20th century.
|
| 700 |
1 |
|
|a Μερλόπουλος, Π.
|
| 700 |
1 |
|
|a Νοταράς, Γιώργος.
|
| 852 |
|
|
|a INST
|b CHIOS
|e 19960410
|h 324.2495 ΜΕΥ
|p 005200005849
|q 005200005849
|t BK
|y 0
|
| 852 |
|
|
|a INST
|b CHIOS
|e 19960409
|h 324.2495 ΜΕΥ
|p 005200005850
|q 005200005850
|t BK
|y 0
|
| 852 |
|
|
|a INST
|b CHIOS
|e 19960409
|h 324.2495 ΜΕΥ
|p 005200005851
|q 005200005851
|t BK
|y 0
|
| 852 |
|
|
|a INST
|b CHIOS
|e 19960409
|h 324.2495 ΜΕΥ
|p 005200005852
|q 005200005852
|t BK
|y 0
|
| 852 |
|
|
|a INST
|b CHIOS
|e 19960409
|h 324.2495 ΜΕΥ
|p 005200005853
|q 005200005853
|t BK
|y 0
|
| 852 |
|
|
|a INST
|b CHIOS
|e 19960409
|h 324.2495 ΜΕΥ
|p 005200005854
|q 005200005854
|t BK
|y 0
|
| 909 |
|
|
|a Χ
|b 002784
|
| 909 |
|
|
|a Χ
|b 002008
|
| 909 |
|
|
|a Χ
|b 002782
|
| 909 |
|
|
|a Χ
|b 002788
|
| 909 |
|
|
|a Χ
|b 002786
|
| 909 |
|
|
|a Χ
|b 002780
|